Názvoslovie anorganických látok

Bibliographic Details
Main Author: Zikmund, Miroslav, 1921-2023 (Author)
Format: Book
Language:Undetermined
PhysicalDescription:232 s.
Published: Bratislava Slovenské pedagogické nakladateľstvo 1970

MARC

LEADER 00000nam a2200000 a 4500
001 vtls001330105
003 SK-MaSNL
005 20260301114328.0
008 240313s1970 xx 0 und
035 |a SNK000282963 
040 |a SNK  |b slo  |c SNK  |e AACR2 
100 1 |a Zikmund, Miroslav,  |d 1921-2023  |4 aut  |9 100214 
245 1 |a Názvoslovie anorganických látok 
260 |a Bratislava  |b Slovenské pedagogické nakladateľstvo  |c 1970 
300 |a 232 s. 
958 |a OND 
999 |c 717994  |d 719924 
952 |a SNK  |b SNK  |y PREZ  |7 0  |p 17A0891509  |o snkSD 36676   |0 0  |1 0  |4 0  |d 2013-08-12  |l 0  |r 2026-02-23 21:51:14  |w 2026-02-23 
952 |t snkZIK 546  |a SNKUST  |b SNKUST  |y PREZ  |7 0  |p 17A0133611  |o snkSD 36676 D1  |i snkKSP 1851/70  |0 0  |1 0  |4 0  |d 1998-05-05  |l 0  |r 2025-03-20 00:00:00  |w 2026-02-23